00464nam a22001697a 450000500170000001000150001702000260003203500140005803700130007208200120008510000200009724500390011726000370015627000600019330000200025370000210027320240301143153.0 aENG-139519 c295.00a9789380502953 aEN-123051 bDBAD/PUB a658.562 aTondon Sandeep  aTotal Quality Management/hEnglish aDaryaganjbKW Publishers Pvt Ltd b NewDelhia4676/21 , First Floor , Ansari Road e110002 a87p.c23cm(pbk) aAnuradha Thakur